000
00272nam a22001217a 4500
999
_c
163248
_d
163248
082
_a
_b
100
_a
Birdwood C B
245
_a
India's Freedom struggle/
_c
by Birdwood C B.
260
_a
New Delhi:
_b
Discovery,
_c
1988.
300
_a
274p.
650
_a
942
_c
BK